000 00482nam a2200181Ia 4500
001 7719
005 20260306160516.0
008 260306t2014||||xx |||||||||||||| ||spa||
041 _aESP
082 _a354.6485
_bC265
100 _aPerú Top Publications
_eAUT
245 0 _aLa construcción en el Perú:
_b¿hacia dónde va el mercado inmobiliario peruano?
260 _c2014
300 _a142 páginas :
_c30 cm.
650 _aGEN
654 _aCIA
942 _cLIB
_dJUS
_fJUS
_2ddc
_n
999 _c7719
_d7719